00642nam a2200181 a 450000100100000000500170001000800410002704000250006808200150009324500730010826000530018130000350023470000250026970000270029404900090032195201130033099900170044300003188820200930063246.0110617s2007 dr ac 000 0 spa d aDO-SdBNPbspacBNPHU axxxxbS94100aSubasta de obras Rayo de Sol /ctextos Sara Hermann, Jacinta Torres. aSanto Domingo :bEscuelita Rayo de Sol,c[2007]. a52 p. :bil., retrs. ;c18 cm.1 aHermann, Sara9580861 aTorres, Jacinta958087 aBNPD 0010718PDaPDbPDcCTd2011-07-07iLF1l0oxxxx S941p31888-10r2020-06-25w2020-06-25yLFPDZNo se presta c31379d31379